[Event "2.BLO 1718 Bindl Aktionär - SC Erlange"]
[Site "?"]
[Date "2017.10.23"]
[Round "1.1"]
[White "Wenninger, Philipp"]
[Black "Petr, Martin"]
[Result "0-1"]
[WhiteElo "2339"]
[BlackElo "2489"]
[PlyCount "100"]
[EventDate "2017.??.??"]

1. d4 b6 2. e4 Bb7 3. Bd3 e6 4. Nf3 c5 5. d5 exd5 6. exd5 Bxd5 7. O-O Nf6 8.
Nc3 Be6 9. Bf4 a6 10. Qe2 Be7 11. Ng5 Nc6 12. Nce4 Nd4 13. Qd2 Nxe4 14. Nxe4 d5
15. Ng5 Bxg5 16. Bxg5 Qd7 17. Rfe1 O-O 18. c3 Nc6 19. Rad1 Rfe8 20. Re3 f6 21.
Bf4 d4 22. Rg3 c4 23. Be4 d3 24. Bh6 Re7 25. Qf4 Bd5 26. Bxd5+ Qxd5 27. Qxf6
Raa7 28. Be3 Re6 29. Qf4 Rf7 30. Qg4 b5 31. h4 Ne7 32. b3 Nf5 33. bxc4 bxc4 34.
Rf3 Nxe3 35. Rxe3 Rxe3 36. fxe3 h5 37. Qd4 Qxd4 38. exd4 Re7 39. Kf1 Re2 40. a4
Kf7 41. Rb1 Rc2 42. Ke1 Rxc3 43. Rb7+ Ke6 44. Rxg7 Ra3 45. Kd2 Ra2+ 46. Ke3
Re2+ 47. Kf3 c3 48. Rc7 c2 49. d5+ Kxd5 50. Rc3 Kd4 0-1

[Event "2.BLO 1718 Bindl Aktionär - SC Erlange"]
[Site "?"]
[Date "2017.10.23"]
[Round "1.2"]
[White "Kriebel, Tadeas"]
[Black "Hilverda, Alexander"]
[Result "1/2-1/2"]
[WhiteElo "2501"]
[BlackElo "2354"]
[PlyCount "185"]
[EventDate "2017.??.??"]

1. e4 e5 2. Nf3 Nc6 3. Bb5 a6 4. Ba4 Nf6 5. O-O Be7 6. Re1 b5 7. Bb3 d6 8. c3
O-O 9. h3 Nb8 10. d4 Nbd7 11. Nbd2 Bb7 12. Bc2 Re8 13. a4 Bf8 14. Bd3 c6 15. b3
g6 16. Ba3 Qb6 17. Qc2 Nh5 18. Bf1 Nf4 19. b4 Bg7 20. Nb3 bxa4 21. Na5 exd4 22.
cxd4 Rab8 23. Rad1 Ne6 24. d5 cxd5 25. exd5 Nf4 26. Rxe8+ Rxe8 27. Nxb7 Qxb7
28. Qxa4 Ne2+ 29. Bxe2 Rxe2 30. Nd4 Bxd4 31. Rxd4 Qb5 32. Qd1 Nb6 33. Bc1 Re5
34. Bf4 Rxd5 35. Bxd6 Rxd4 36. Qxd4 Nd7 37. Qe4 h6 38. Qe8+ Kg7 39. g4 g5 40.
Qc8 Kh7 41. Qc2+ Kg7 42. Qc3+ Kh7 43. Qf3 Kg7 44. Qe4 Qb6 45. Qd5 Qb5 46. Qd4+
Kg8 47. Bg3 Qc6 48. Kh2 Kh7 49. Bd6 Kg8 50. Kg3 Kh7 51. f3 Qc1 52. Kf2 Qc2+ 53.
Ke3 Kg8 54. Qd3 Qc1+ 55. Ke2 Qb2+ 56. Qd2 Qb3 57. Kf2 Qc4 58. Qe3 Kg7 59. Be7
Qc7 60. Qe2 Qc6 61. Qe4 Qb6+ 62. Kg2 Qb5 63. h4 gxh4 64. Bxh4 Qe5 65. Qd3 Qe6
66. Bf2 Ne5 67. Bd4 f6 68. Qe4 Qd6 69. Bxe5 fxe5 70. Kh3 Kg8 71. Qf5 Kg7 72.
Kh4 Qe7+ 73. g5 Qxb4+ 74. Kh5 hxg5 75. Qxg5+ Kf7 76. Qf5+ Kg8 77. Qe6+ Kf8 78.
Kg6 Qe7 79. Qf5+ Ke8 80. Qc8+ Qd8 81. Qxa6 Qd5 82. Qc8+ Ke7 83. Qc7+ Ke8 84.
Qb8+ Ke7 85. Qa7+ Ke8 86. Qa4+ Qd7 87. Qc4 Qd6+ 88. Kf5 Qf8+ 89. Kg4 Qg7+ 90.
Kf5 Qf8+ 91. Kxe5 Qxf3 92. Qe4 Qxe4+ 93. Kxe4 1/2-1/2

[Event "2.BLO 1718 Bindl Aktionär - SC Erlange"]
[Site "?"]
[Date "2017.10.23"]
[Round "1.3"]
[White "Miller, Eduard"]
[Black "Neuman, Petr"]
[Result "1/2-1/2"]
[WhiteElo "2342"]
[BlackElo "2440"]
[PlyCount "97"]
[EventDate "2017.??.??"]

1. Nf3 d5 2. g3 g6 3. Bg2 Bg7 4. O-O Nf6 5. c4 c6 6. b3 Ne4 7. d4 O-O 8. Bb2
Bf5 9. Ne5 Nd7 10. Nd3 h5 11. f3 Nd6 12. Na3 Qa5 13. c5 Bxd3 14. cxd6 Ba6 15.
dxe7 Rfe8 16. Nc2 Rxe7 17. Rf2 Rae8 18. e3 Bh6 19. e4 dxe4 20. fxe4 Bg7 21. Ba3
Rxe4 22. Bxe4 Rxe4 23. Qf3 f5 24. Bb4 Qd8 25. Re1 Nf6 26. Rd2 Rxe1+ 27. Nxe1
Ne4 28. Rd1 b6 29. Nc2 Bb7 30. Bd2 c5 31. Be3 Nc3 32. Qxb7 Nxd1 33. dxc5 Nxe3
34. Nxe3 Bd4 35. c6 Bxe3+ 36. Kg2 Qd5+ 37. Kh3 Qf3 38. Qd7 Qg4+ 39. Kg2 Qe2+
40. Kh3 Qg4+ 41. Kg2 Qe2+ 42. Kh3 Bg1 43. Qd8+ Kf7 44. Qd7+ Kg8 45. Qd8+ Kg7
46. Qc7+ Kh6 47. Qf4+ Kh7 48. Qc7+ Kg8 49. Qd8+ 1/2-1/2

[Event "2.BLO 1718 Bindl Aktionär - SC Erlange"]
[Site "?"]
[Date "2017.10.23"]
[Round "1.4"]
[White "Cech, Pavel"]
[Black "Ott, Florian"]
[Result "1-0"]
[WhiteElo "2364"]
[BlackElo "2345"]
[PlyCount "55"]
[EventDate "2017.??.??"]

1. e4 c5 2. Nf3 d6 3. Bb5+ Bd7 4. a4 Nc6 5. d3 g6 6. O-O Bg7 7. Nbd2 Nf6 8. Nc4
O-O 9. Re1 Rc8 10. Bg5 h6 11. Bh4 Bg4 12. Bxc6 Rxc6 13. e5 Bxf3 14. Qxf3 dxe5
15. Rxe5 Qd4 16. Bxf6 Bxf6 17. Rd5 Qh4 18. Rd7 Bd4 19. Qg3 Qh5 20. c3 Bf6 21.
Rxb7 Re6 22. Qf3 Rd8 23. Qxh5 gxh5 24. Rxa7 Rxd3 25. a5 Re4 26. Ne3 Rd2 27. Rb7
Rf4 28. a6 1-0

[Event "2.BLO 1718 Bindl Aktionär - SC Erlange"]
[Site "?"]
[Date "2017.10.23"]
[Round "1.5"]
[White "Merkert, Maximilian"]
[Black "Wall, Gavin"]
[Result "0-1"]
[WhiteElo "2254"]
[BlackElo "2328"]
[PlyCount "27"]
[EventDate "2017.??.??"]

1. g3 f5 2. Nc3 Nf6 3. Bg2 e5 4. d4 Be7 5. e3 O-O 6. Nge2 c6 7. O-O Na6 8. Rb1
Nc7 9. b4 d5 10. b5 Rf7 11. h4 f4 12. Bb2 Bf8 13. Nxd5 cxb5 14. Nxf6+ 0-1

[Event "2.BLO 1718 Bindl Aktionär - SC Erlange"]
[Site "?"]
[Date "2017.10.23"]
[Round "1.6"]
[White "Paehtz, Thomas"]
[Black "Liepold, Stefan"]
[Result "1/2-1/2"]
[WhiteElo "2366"]
[BlackElo "2168"]
[PlyCount "113"]
[EventDate "2017.??.??"]

1. e4 e6 2. d4 d5 3. Nc3 Bb4 4. e5 c5 5. a3 Bxc3+ 6. bxc3 Ne7 7. Qg4 cxd4 8.
Bd3 Qa5 9. Ne2 O-O 10. Bd2 dxc3 11. Bxc3 Qc7 12. Qh5 Ng6 13. O-O Nd7 14. f4 Nc5
15. Rf3 Nxd3 16. cxd3 Rd8 17. Rh3 Nf8 18. Bb4 Qc2 19. Re1 h6 20. Rg3 Ng6 21.
Qg4 a5 22. Bd6 Qd2 23. Kf1 Bd7 24. h4 h5 25. Qxh5 Bb5 26. Qf3 Nxh4 27. Qh5 Nf5
28. Rh3 Nh6 29. Qf3 Rac8 30. Be7 Rd7 31. Bf6 Bxd3 32. Rxh6 gxh6 33. Qg3+ Bg6
34. Qh4 Kh7 35. Bg5 h5 36. f5 Qd3 37. fxg6+ fxg6 38. Qf4 Qxa3 39. Kg1 Rf8 40.
Bf6 Rc7 41. Qd2 Rfc8 42. Kh2 Qb4 43. Qxb4 axb4 44. Nd4 Re8 45. Rb1 Rc4 46. Nb5
Ra8 47. Nd6 Rg4 48. Rc1 g5 49. Rc7+ Kh6 50. Rg7 Rh4+ 51. Kg1 Ra1+ 52. Kf2 Rf4+
53. Ke2 Ra2+ 54. Kd3 Ra3+ 55. Ke2 Ra2+ 56. Kd3 Ra3+ 57. Ke2 1/2-1/2

[Event "2.BLO 1718 Bindl Aktionär - SC Erlange"]
[Site "?"]
[Date "2017.10.23"]
[Round "1.7"]
[White "Tong, Kevin"]
[Black "Stips, Felix"]
[Result "1/2-1/2"]
[WhiteElo "2140"]
[BlackElo "2308"]
[PlyCount "135"]
[EventDate "2017.??.??"]

1. e4 c6 2. d4 g6 3. Nf3 Bg7 4. Bd3 d6 5. O-O Nf6 6. Re1 O-O 7. a4 Qc7 8. Nc3
e5 9. dxe5 dxe5 10. Bc4 h6 11. Nd2 Nbd7 12. Nf1 Nc5 13. Ng3 Ne6 14. Be3 Rd8 15.
Qe2 Nd4 16. Bxd4 exd4 17. Na2 Qb6 18. Rab1 Ng4 19. Nc1 Ne5 20. Bb3 Bg4 21. Qf1
d3 22. cxd3 h5 23. h3 h4 24. Nge2 Bxh3 25. gxh3 Nf3+ 26. Kh1 Qc7 27. Kg2 Nd2
28. Qh1 Nxb1 29. Bc2 Nd2 30. Rd1 Qa5 31. f4 Nxe4 32. dxe4 Bxb2 33. Nd3 Bd4 34.
Qe1 Qxe1 35. Rxe1 Bf6 36. Rb1 Rab8 37. e5 Be7 38. Nc3 Kf8 39. Kf3 Rdc8 40. Bb3
b5 41. axb5 cxb5 42. Nd5 a5 43. Bd1 Rc4 44. Bb3 Rcc8 45. Bd1 a4 46. Ke3 a3 47.
Bb3 Rb7 48. Kd2 Bd8 49. Ba2 Ba5+ 50. Kd1 Kg7 51. Rb3 b4 52. Rb1 Kh6 53. Bb3 Rd7
54. Ke2 Rb7 55. Ra1 Rb5 56. Ke3 Bb6+ 57. Ke4 Ba5 58. Ra2 Rb7 59. Ra1 Rb5 60.
Ra2 Rb7 61. Rg2 Bd8 62. Rf2 Ba5 63. Re2 Bd8 64. Rd2 Rc3 65. Ba2 Rc8 66. Bb3 Rc3
67. Ba2 Rc8 68. Bb3 1/2-1/2

[Event "2.BLO 1718 Bindl Aktionär - SC Erlange"]
[Site "?"]
[Date "2017.10.23"]
[Round "1.8"]
[White "Krensing, Jan"]
[Black "Kornitzky, Tino"]
[Result "1-0"]
[WhiteElo "2349"]
[BlackElo "1943"]
[PlyCount "55"]
[EventDate "2017.??.??"]

1. d4 Nf6 2. c4 e6 3. Nc3 Bb4 4. a3 Bxc3+ 5. bxc3 c5 6. e3 b6 7. Bd3 Bb7 8. f3
O-O 9. e4 Ne8 10. Ne2 Nc6 11. Be3 d6 12. Ng3 Qd7 13. f4 f5 14. O-O Na5 15. exf5
exf5 16. dxc5 bxc5 17. Rb1 Ba6 18. Re1 Kh8 19. Bxf5 Rxf5 20. Nxf5 Qxf5 21. Qa4
Bxc4 22. Qxa5 Nf6 23. Qc7 Bd5 24. Qxd6 Qe4 25. Rb2 Re8 26. h3 Nh5 27. Rf2 Re6
28. Qf8# 1-0

[Event "2.BLO 1718 Nickelhütte Aue - SC Forchh"]
[Site "?"]
[Date "2017.10.23"]
[Round "1.1"]
[White "Jansa, Vlastimil"]
[Black "Papp, Gabor"]
[Result "0-1"]
[WhiteElo "2435"]
[BlackElo "2598"]
[PlyCount "110"]
[EventDate "2017.??.??"]

1. e4 c5 2. Nf3 d6 3. d4 cxd4 4. Nxd4 Nf6 5. Nc3 Nc6 6. Bg5 e6 7. Qd2 a6 8.
O-O-O Bd7 9. f4 b5 10. Bxf6 gxf6 11. Nxc6 Bxc6 12. Bd3 b4 13. Ne2 Qb6 14. Kb1
h5 15. Rhe1 a5 16. Bc4 Bxe4 17. Ng3 Bb7 18. f5 h4 19. Ne4 O-O-O 20. Nxf6 d5 21.
Bb3 Bh6 22. Qe2 Bg5 23. Ng4 Bf4 24. fxe6 fxe6 25. Qxe6+ Qxe6 26. Rxe6 d4 27.
Re2 h3 28. gxh3 Bf3 29. Rf2 Bxd1 30. Rxf4 Bxg4 31. hxg4 Rxh2 32. a3 bxa3 33.
bxa3 d3 34. cxd3 Rxd3 35. Rc4+ Kb7 36. Bc2 Rxa3 37. Kb2 Rg3 38. Kc1 Kb6 39. Kb2
Rhg2 40. Rf4 Rxg4 41. Rf3 Rc4 42. Rc3 Kb5 43. Rxc4 Kxc4 44. Kb1 Kb4 45. Be4 Rh2
46. Bf5 Ka3 47. Be6 Rb2+ 48. Kc1 Rb6 49. Bf7 Rb7 50. Be6 Rb4 51. Bf7 Ka4 52.
Kc2 Kb5 53. Kc3 a4 54. Be8+ Kc5 55. Bf7 a3 0-1

[Event "2.BLO 1718 Nickelhütte Aue - SC Forchh"]
[Site "?"]
[Date "2017.10.23"]
[Round "1.2"]
[White "Antal, Gergely"]
[Black "Jirovsky, Milos"]
[Result "1/2-1/2"]
[WhiteElo "2529"]
[BlackElo "2443"]
[PlyCount "119"]
[EventDate "2017.??.??"]

1. e4 d5 2. exd5 Qxd5 3. Nc3 Qd6 4. d4 Nf6 5. Nf3 c6 6. Ne5 Nbd7 7. Nc4 Qc7 8.
Qf3 Nb6 9. Bf4 Qd8 10. Be5 Be6 11. Ne3 Nbd5 12. Ncxd5 Nxd5 13. c3 Qd7 14. Bd3
f6 15. Bg3 g6 16. O-O Bh6 17. Nxd5 Bxd5 18. Qe2 O-O 19. a4 Rfe8 20. a5 b5 21.
axb6 axb6 22. Rfe1 b5 23. h4 Kf7 24. h5 Bg7 25. Qc2 f5 26. Rxa8 Rxa8 27. Be5
Bxe5 28. dxe5 Qe6 29. Qc1 gxh5 30. Qf4 Qg6 31. Qxf5+ Qxf5 32. Bxf5 Rg8 33. Bh3
h4 34. Kh2 e6 35. Ra1 Rg5 36. Ra7+ Kg8 37. Ra8+ Kg7 38. Ra7+ Kg8 39. f4 Rg6 40.
Ra8+ Kg7 41. Ra7+ Kg8 42. Kg1 h6 43. Kf2 Kf8 44. Rc7 Ke8 45. Rh7 Kf8 46. Ra7
Rg3 47. Rc7 Kg8 48. Rd7 Kf8 49. Rd6 Ke7 50. f5 exf5 51. Rxh6 Rd3 52. Bxf5 Rd2+
53. Ke3 Rxb2 54. Rxh4 Rxg2 55. Rh7+ Kf8 56. Kd4 Re2 57. Rc7 Re1 58. Ra7 Re2 59.
Rc7 Re1 60. Ra7 1/2-1/2

[Event "2.BLO 1718 Nickelhütte Aue - SC Forchh"]
[Site "?"]
[Date "2017.10.23"]
[Round "1.3"]
[White "Rupprecht, Andreas"]
[Black "Meijers, Viesturs"]
[Result "0-1"]
[WhiteElo "2415"]
[BlackElo "2472"]
[PlyCount "140"]
[EventDate "2017.??.??"]

1. e4 e5 2. Nf3 Nf6 3. d4 Nxe4 4. Bd3 Nc6 5. Nxe5 Nc5 6. O-O Nxd3 7. Qxd3 Be7
8. Nc3 d6 9. Nxc6 bxc6 10. Re1 d5 11. Bg5 f6 12. Bf4 O-O 13. Re3 g5 14. Rae1
Bb4 15. Bg3 f5 16. f4 Bd6 17. Rf3 g4 18. Rfe3 a5 19. Qd2 a4 20. Qf2 Qf6 21. Ne2
Ba6 22. Bh4 Qg7 23. Ng3 Qxd4 24. Nxf5 Qxf4 25. Nxd6 Qxf2+ 26. Bxf2 cxd6 27. Rg3
h5 28. h3 Bc8 29. hxg4 hxg4 30. Re7 Bf5 31. Rc7 c5 32. Re3 Rfe8 33. c3 Rxe3 34.
Bxe3 a3 35. bxa3 Rxa3 36. Bf4 Rxc3 37. Bxd6 c4 38. Rg7+ Kxg7 39. Be5+ Kg6 40.
Bxc3 Bc2 41. Kf2 Kf5 42. Ke3 g3 43. Kf3 Bd1+ 44. Ke3 Kg4 45. Kd2 Ba4 46. Be5
Kf5 47. Bxg3 d4 48. Bd6 Ke4 49. Bb4 Bd7 50. a3 Kd5 51. g3 Ke5 52. Ba5 Kd6 53.
Bb4+ Kc6 54. Kc2 Kb5 55. Kb2 Bf5 56. Be1 Bg4 57. Bb4 Bd7 58. Kc2 Kb6 59. Kd2
Bf5 60. Be7 c3+ 61. Kc1 d3 62. Bg5 Kb5 63. Bf4 Ka4 64. Kd1 Kxa3 65. Kc1 Kb3 66.
Bg5 Kc4 67. Be3 Bg4 68. Bf4 Kd4 69. Bg5 Ke4 70. Bf4 Kf3 0-1

[Event "2.BLO 1718 Nickelhütte Aue - SC Forchh"]
[Site "?"]
[Date "2017.10.23"]
[Round "1.5"]
[White "Schulz, Lukas"]
[Black "Spiess, Gunter"]
[Result "1/2-1/2"]
[WhiteElo "2248"]
[BlackElo "2435"]
[PlyCount "54"]
[EventDate "2017.??.??"]

1. e4 e6 2. d4 d5 3. exd5 exd5 4. Bd3 c5 5. Nf3 Nc6 6. O-O cxd4 7. Re1+ Be7 8.
Nbd2 Nf6 9. Nb3 O-O 10. Nfxd4 Bg4 11. f3 Bd7 12. c3 h6 13. Nf5 Bxf5 14. Bxf5
Qc7 15. Be3 Bd6 16. g3 Rfe8 17. Kg2 Re5 18. Bc2 Rae8 19. Qd2 Qd7 20. Bf2 a6 21.
Nd4 Rxe1 22. Rxe1 Rxe1 23. Qxe1 Bc5 24. Nxc6 Qxc6 25. Bxc5 Qxc5 26. Qe5 Qc8 27.
Bb3 Qd8 1/2-1/2

[Event "2.BLO 1718 Nickelhütte Aue - SC Forchh"]
[Site "?"]
[Date "2017.10.23"]
[Round "1.6"]
[White "Londyn, Radek"]
[Black "Doeres, Hans-Juergen"]
[Result "1/2-1/2"]
[WhiteElo "2426"]
[BlackElo "2196"]
[PlyCount "112"]
[EventDate "2017.??.??"]

1. Nf3 d5 2. d4 c6 3. Bf4 Bf5 4. e3 Qb6 5. Qc1 Nf6 6. c4 e6 7. Nc3 Nbd7 8. c5
Qd8 9. Nh4 Nh5 10. Nxf5 exf5 11. Bg3 g6 12. Bd3 Nxg3 13. hxg3 Bg7 14. Ne2 Qe7
15. b4 a6 16. Rb1 O-O 17. Kf1 Nf6 18. Nf4 Rfe8 19. Rb3 Ng4 20. Be2 Bf6 21. a4
Bg5 22. Qc2 Bf6 23. Qd3 Bg7 24. Bf3 Nf6 25. Ne2 Ne4 26. Qc2 Ng5 27. Qd1 Ne4 28.
Bxe4 Qxe4 29. Qd3 Qe7 30. Ke1 h5 31. Kd2 Bf6 32. Nf4 Bg5 33. Rbb1 Bxf4 34. gxf4
Kg7 35. Ke2 Qf6 36. Kf1 Qe7 37. g3 Rh8 38. Rh4 Rhb8 39. Kg2 b5 40. Ra1 a5 41.
axb5 Rxb5 42. bxa5 Raxa5 43. Rxa5 Rxa5 44. Rh1 Rb5 45. Ra1 Qb7 46. Qa3 Qe7 47.
Qd3 Qb7 48. Ra2 Rb1 49. Ra6 Rb3 50. Qd1 Rb1 51. Qa4 Qe7 52. Qc2 Qb7 53. Qe2 Rb2
54. Qd3 Rb3 55. Qc2 Rb2 56. Qd3 Rb3 1/2-1/2

[Event "2.BLO 1718 Nickelhütte Aue - SC Forchh"]
[Site "?"]
[Date "2017.10.23"]
[Round "1.7"]
[White "Wagner, Robert"]
[Black "Langrock, Hannes"]
[Result "0-1"]
[WhiteElo "2050"]
[BlackElo "2385"]
[PlyCount "68"]
[EventDate "2017.??.??"]

1. d4 Nf6 2. c4 e6 3. Nc3 Bb4 4. Qc2 O-O 5. Nf3 d5 6. cxd5 exd5 7. Bf4 c5 8.
dxc5 Ne4 9. e3 Qa5 10. Bd3 Nxc3 11. Bxh7+ Kh8 12. O-O Ne4 13. Bxe4 dxe4 14. Ng5
Bf5 15. Bd6 Qd8 16. f4 f6 17. Bxf8 Qxf8 18. Ne6 Qc8 19. Nd4 Nc6 20. a3 Nxd4 21.
exd4 e3 22. Qc4 Bd2 23. h3 Be4 24. Rad1 Qf5 25. Rxd2 exd2 26. Rd1 Qxf4 27. Qe2
Kg8 28. Rxd2 Bd5 29. b4 a6 30. Rd1 Kf8 31. Qd3 Re8 32. a4 Re3 33. Qd2 Qe4 34.
Kf2 Qxg2+ 0-1

[Event "2.BLO 1718 Nickelhütte Aue - SC Forchh"]
[Site "?"]
[Date "2017.10.23"]
[Round "1.8"]
[White "Pulpan, Jakub"]
[Black "Wichmann, Adrian"]
[Result "1-0"]
[WhiteElo "2399"]
[BlackElo "2018"]
[PlyCount "71"]
[EventDate "2017.??.??"]

1. e4 c5 2. Nf3 g6 3. d4 cxd4 4. Nxd4 Bg7 5. Nc3 Nc6 6. Be3 Nf6 7. Bc4 d6 8. f3
O-O 9. Bb3 Bd7 10. Qd2 Rc8 11. h4 h5 12. O-O-O Ne5 13. Bg5 Nc4 14. Qe2 Na5 15.
Qd2 Nc4 16. Bxc4 Rxc4 17. Qd3 Qc8 18. Bxf6 Bxf6 19. Nd5 Kg7 20. Nxf6 exf6 21.
Kb1 a5 22. c3 b5 23. Rc1 Qa6 24. Rhd1 Rd8 25. Nc2 Rc6 26. g4 hxg4 27. fxg4 Bxg4
28. Rg1 Be6 29. Nd4 b4 30. Nxe6+ fxe6 31. Qg3 g5 32. hxg5 f5 33. Rh1 Rcc8 34.
g6 Qe2 35. Qg5 Qxe4+ 36. Ka1 1-0

[Event "2.BLO 1718 BCA Augsburg - SC NT Nürnbe"]
[Site "?"]
[Date "2017.10.23"]
[Round "1.1"]
[White "Maximov, Dmitry"]
[Black "Rozentalis, Eduardas"]
[Result "1-0"]
[WhiteElo "2468"]
[BlackElo "2508"]
[PlyCount "57"]
[EventDate "2017.??.??"]

1. e4 Nf6 2. Nc3 e5 3. g3 h5 4. Nf3 d6 5. d4 exd4 6. Nxd4 h4 7. gxh4 Be7 8. Rg1
g6 9. Bg5 Nc6 10. Qd2 Nxd4 11. Qxd4 c5 12. Qd2 Be6 13. f4 a6 14. O-O-O Qa5 15.
a3 O-O-O 16. f5 Bd7 17. Kb1 Qb6 18. Bc4 Rh7 19. fxg6 fxg6 20. Rgf1 Rf8 21. Nd5
Nxd5 22. Rxf8+ Bxf8 23. Qxd5 Rg7 24. Bh6 Kc7 25. Rf1 Bc6 26. Rf7+ Be7 27. Rxg7
Bxd5 28. Rxe7+ Kd8 29. Bg5 1-0

[Event "2.BLO 1718 BCA Augsburg - SC NT Nürnbe"]
[Site "?"]
[Date "2017.10.23"]
[Round "1.2"]
[White "Prusikin, Michael"]
[Black "Milov, Leonid"]
[Result "1/2-1/2"]
[WhiteElo "2526"]
[BlackElo "2458"]
[PlyCount "45"]
[EventDate "2017.??.??"]

1. Nf3 d5 2. c4 c6 3. g3 g6 4. Qa4 d4 5. Bg2 Bg7 6. O-O Nh6 7. d3 Nf5 8. b4 O-O
9. Nbd2 Nd7 10. Rb1 a6 11. Qc2 a5 12. a3 Ra7 13. c5 axb4 14. axb4 Nf6 15. Nc4
Nd5 16. Bd2 Nc7 17. Nb6 Be6 18. Ng5 Bd5 19. Ne4 Ra2 20. Rb2 Ra3 21. Nxd5 cxd5
22. Ng5 Qd7 23. Nh3 1/2-1/2

[Event "2.BLO 1718 BCA Augsburg - SC NT Nürnbe"]
[Site "?"]
[Date "2017.10.23"]
[Round "1.3"]
[White "Yelisieiev, Yevhenii"]
[Black "Arnaudov, G. Petar"]
[Result "1-0"]
[WhiteElo "2401"]
[BlackElo "2441"]
[PlyCount "69"]
[EventDate "2017.??.??"]

1. d4 Nf6 2. Nf3 e6 3. c4 Nc6 4. Nc3 Bb4 5. Qc2 d6 6. e3 O-O 7. Bd2 Qe7 8. a3
Bxc3 9. Bxc3 a5 10. Bd3 e5 11. d5 Nb8 12. Nd2 c6 13. dxc6 Nxc6 14. O-O h6 15.
b4 axb4 16. axb4 Rxa1 17. Rxa1 d5 18. b5 Nb4 19. Bxb4 Qxb4 20. c5 d4 21. Ra4
Qc3 22. exd4 exd4 23. Rc4 Qxc2 24. Rxc2 Be6 25. Ne4 Nd5 26. Nd6 Ra8 27. h3 Nf4
28. Be4 d3 29. Rd2 Ra2 30. Rxa2 Bxa2 31. c6 d2 32. Bc2 bxc6 33. bxc6 Ne2+ 34.
Kf1 Nd4 35. c7 1-0

[Event "2.BLO 1718 BCA Augsburg - SC NT Nürnbe"]
[Site "?"]
[Date "2017.10.23"]
[Round "1.4"]
[White "Pitl, Gregory"]
[Black "Mischustov, Michael"]
[Result "1/2-1/2"]
[WhiteElo "2395"]
[BlackElo "2331"]
[PlyCount "83"]
[EventDate "2017.??.??"]

1. e4 e6 2. d4 d5 3. Nc3 Bb4 4. e5 Qd7 5. a3 Bxc3+ 6. bxc3 b6 7. Qg4 f5 8. Qg3
Nc6 9. Bb5 Bb7 10. Ne2 a6 11. Bd3 O-O-O 12. Nf4 Qf7 13. h4 Nge7 14. Qf3 Kb8 15.
a4 Ng6 16. Nh5 Rd7 17. Qe2 Ka7 18. Rh3 Na5 19. g4 fxg4 20. Qxg4 Rf8 21. Be3 Nc4
22. Bxg6 hxg6 23. Nf4 Re7 24. Qxg6 Qg8 25. Ke2 a5 26. Rg1 Ba6 27. Nd3 Rff7 28.
Bg5 Rd7 29. h5 Qe8 30. Ke1 Qf8 31. Bc1 Rde7 32. Rh4 Qe8 33. Rf4 Rxf4 34. Nxf4
Qxa4 35. Kd1 Qc6 36. Nd3 Bb5 37. Bg5 Rd7 38. Nf4 Nb2+ 39. Kd2 Nc4+ 40. Kd1 Nb2+
41. Kd2 Nc4+ 42. Kd1 1/2-1/2

[Event "2.BLO 1718 BCA Augsburg - SC NT Nürnbe"]
[Site "?"]
[Date "2017.10.23"]
[Round "1.5"]
[White "Kirchner, Thomas"]
[Black "Stankovic, Milos"]
[Result "0-1"]
[WhiteElo "2345"]
[BlackElo "2399"]
[PlyCount "126"]
[EventDate "2017.??.??"]

1. e4 e6 2. d4 d5 3. Bd3 dxe4 4. Bxe4 Nf6 5. Bf3 Bd6 6. Ne2 Nbd7 7. O-O O-O 8.
c4 e5 9. Nbc3 Re8 10. Bg5 h6 11. Bxf6 Nxf6 12. dxe5 Bxe5 13. Qxd8 Rxd8 14. Rad1
Re8 15. Rd2 c6 16. Rfd1 Bc7 17. g3 Ng4 18. Nd4 Ne5 19. Be2 Bh3 20. b4 Rad8 21.
Nc2 Ng4 22. a4 Rxd2 23. Rxd2 a5 24. b5 Bb6 25. Nd1 Bc5 26. Bf3 Ne5 27. Be2 Be6
28. Nce3 cxb5 29. cxb5 Bb3 30. Rb2 Be6 31. Kg2 Rd8 32. Nc3 Bb4 33. Na2 Rd2 34.
Rxd2 Bxd2 35. Nf1 Be1 36. Nc1 Bc3 37. Ne3 Bd4 38. Nd3 Nxd3 39. Bxd3 Kf8 40. Be4
b6 41. Nd5 f5 42. Bf3 Bf7 43. h4 Ke8 44. Nc7+ Kd7 45. Bd5 Bh5 46. Ne6 Be5 47.
Bb3 Kd6 48. Nd8 Bf6 49. Nc6 f4 50. Kh3 fxg3 51. fxg3 Bf3 52. g4 Kc5 53. Kg3 Bd5
54. Bd1 Kc4 55. Kf4 Bxh4 56. Ke5 Bg3+ 57. Kf5 Kc3 58. Kg6 Kd2 59. Kxg7 Kxd1 60.
Kxh6 Bb3 61. g5 Bxa4 62. g6 Bxb5 63. g7 Bc4 0-1

[Event "2.BLO 1718 BCA Augsburg - SC NT Nürnbe"]
[Site "?"]
[Date "2017.10.23"]
[Round "1.6"]
[White "Schmittdiel, Eckhard"]
[Black "Wagner, Florian"]
[Result "1-0"]
[WhiteElo "2458"]
[BlackElo "2209"]
[PlyCount "67"]
[EventDate "2017.??.??"]

1. g3 c5 2. c4 d5 3. Bg2 dxc4 4. Na3 Nc6 5. Nxc4 e6 6. b3 Nge7 7. Bb2 Nf5 8.
Nf3 Be7 9. O-O O-O 10. Rc1 Bd7 11. Nfe5 Rc8 12. Nxd7 Qxd7 13. d3 Bg5 14. f4 Bd8
15. e4 Nfd4 16. Kh1 b5 17. Ne3 Bb6 18. f5 Ne5 19. Bh3 Qd6 20. fxe6 fxe6 21.
Bxd4 cxd4 22. Rxc8 Rxc8 23. Nd5 b4 24. Nf4 Re8 25. Qc2 Qd7 26. Qf2 Bc5 27. Rc1
Bb6 28. Qd2 Qd6 29. Qe2 g6 30. Rf1 Kg7 31. Qf2 Bc5 32. Qd2 Re7 33. Qc2 Kh6 34.
Nxe6 1-0

[Event "2.BLO 1718 BCA Augsburg - SC NT Nürnbe"]
[Site "?"]
[Date "2017.10.23"]
[Round "1.7"]
[White "Heimrath, Reiner"]
[Black "Kukov, Velislav"]
[Result "0-1"]
[WhiteElo "2260"]
[BlackElo "2378"]
[PlyCount "65"]
[EventDate "2017.??.??"]

1. Nf3 d5 2. g3 Nf6 3. Bg2 Bf5 4. O-O e6 5. d3 h6 6. Nbd2 Be7 7. c4 c6 8. Qb3
Qb6 9. cxd5 exd5 10. Qxb6 axb6 11. e4 Bh7 12. Ne5 dxe4 13. dxe4 Nbd7 14. Nxd7
Nxd7 15. Rd1 Nc5 16. b4 Na4 17. a3 O-O 18. Re1 Rad8 19. Nf1 b5 20. h4 Nb6 21.
Rb1 Rd3 22. Re3 Rfd8 23. Rxd3 Rxd3 24. Ne3 Na4 25. Bf1 Rc3 26. Bg2 Bf6 27. Kf1
Rd3 28. Ke1 Kh8 29. f3 Be5 30. f4 Bc7 31. Bf1 Rd4 32. Bb2 Rxe4 33. Ke2 0-1

[Event "2.BLO 1718 BCA Augsburg - SC NT Nürnbe"]
[Site "?"]
[Date "2017.10.23"]
[Round "1.8"]
[White "Lipok, Christoph"]
[Black "Epding, Olaf"]
[Result "1-0"]
[WhiteElo "2251"]
[BlackElo "2255"]
[PlyCount "64"]
[EventDate "2017.??.??"]

1. d4 d5 2. c4 e6 3. Nc3 Be7 4. cxd5 exd5 5. Bf4 Nf6 6. e3 O-O 7. Bd3 c5 8.
Nge2 Nc6 9. h3 a6 10. O-O c4 11. Bc2 b5 12. f3 Bb7 13. Qd2 Nh5 14. Bh2 g6 15.
Rad1 Re8 16. g4 Ng7 17. e4 dxe4 18. fxe4 Bg5 19. Nf4 Nb4 20. d5 Qb6+ 21. Kh1
Nxc2 22. Qxc2 b4 23. Na4 Qb5 24. Qf2 Rxe4 25. Nc5 Re7 26. Ng2 Rd8 27. Nxb7 Qb6
28. h4 Rxd5 29. hxg5 Rxg5 30. Rd8+ Re8 31. Rxe8+ Nxe8 32. Qe2 Re5 1-0

[Event "2.BLO 1718 SK Weilheim - SC Garching"]
[Site "?"]
[Date "2017.10.23"]
[Round "1.1"]
[White "Stocek, Jiri"]
[Black "Luther, Thomas"]
[Result "1/2-1/2"]
[WhiteElo "2581"]
[BlackElo "2526"]
[PlyCount "134"]
[EventDate "2017.??.??"]

1. Nf3 d5 2. c4 e6 3. g3 Nf6 4. Bg2 Be7 5. O-O O-O 6. d4 dxc4 7. Qc2 a6 8. a4
Bd7 9. Qxc4 Bc6 10. Bf4 Bd6 11. Bg5 Nbd7 12. Nc3 h6 13. Bxf6 Nxf6 14. Rfe1 Bxf3
15. Bxf3 c6 16. a5 Qe7 17. Red1 Rad8 18. Rd3 Rfe8 19. Na4 Nd7 20. Rb3 Rb8 21.
Nc3 Nf6 22. Ne4 Nxe4 23. Bxe4 Red8 24. h4 Rd7 25. Kg2 Rbd8 26. Rd3 h5 27. e3 g6
28. Bf3 Kg7 29. Rdd1 Kg8 30. Rab1 Bb4 31. Ra1 Bd6 32. Qa4 Qf6 33. Rac1 Bf8 34.
Be4 e5 35. Rc4 Qe6 36. Bc2 Bg7 37. Bb3 Qd5+ 38. Kg1 Qf3 39. Qb4 exd4 40. exd4
c5 41. Qc3 Qg4 42. Kg2 Bxd4 43. Qc2 Rd6 44. Rd3 Kg7 45. Rf3 Rf6 46. Rxf6 Kxf6
47. Ra4 Kg7 48. Bc4 Rd6 49. Be2 Qd7 50. b3 Rf6 51. Bf3 Qe7 52. Ra2 Qe1 53. Qe4
Qxe4 54. Bxe4 b6 55. axb6 Rxb6 56. Bd5 Bc3 57. Rc2 Bb4 58. Re2 Kf8 59. Re3 Rd6
60. Bc4 a5 61. Rd3 Rd4 62. Kf3 f6 63. Ke3 Rxd3+ 64. Bxd3 Kg7 65. f4 Be1 66. Kf3
Kh6 67. Bb5 Kg7 1/2-1/2

[Event "2.BLO 1718 SK Weilheim - SC Garching"]
[Site "?"]
[Date "2017.10.23"]
[Round "1.2"]
[White "Lehner, Oliver"]
[Black "Krivoborodov, Egor"]
[Result "1/2-1/2"]
[WhiteElo "2399"]
[BlackElo "2542"]
[PlyCount "72"]
[EventDate "2017.??.??"]

1. c4 Nf6 2. Nf3 b6 3. g3 Bb7 4. Bg2 g6 5. O-O Bg7 6. Nc3 O-O 7. Re1 Ne4 8.
Nxe4 Bxe4 9. d3 Bb7 10. e4 c5 11. h4 Nc6 12. h5 a6 13. Rb1 b5 14. a3 d6 15. Be3
Nd4 16. Bxd4 cxd4 17. cxb5 axb5 18. hxg6 hxg6 19. Qb3 Qa5 20. e5 Qa4 21. Qxa4
bxa4 22. exd6 exd6 23. Nd2 Rfb8 24. Re7 Bxg2 25. Kxg2 Rb5 26. Kf1 Rab8 27. Ra7
Rxb2 28. Rxb2 Rxb2 29. Ke1 Bh6 30. f4 g5 31. fxg5 Bxg5 32. Ne4 Be3 33. Rxa4
Rb1+ 34. Ke2 Rb2+ 35. Ke1 Rb1+ 36. Ke2 Rb2+ 1/2-1/2